The study of time ; proceedings of the first [-third] conference of the International Society for the Study of Time /

Bibliographic Details
Corporate Author: International Society for the Study of Time
Other Authors: Fraser, J. T. (Julius Thomas), 1923-2010, Haber, Francis C., Müller, G. H. (Gert Heinz), 1923-, Lawrence, Nathaniel M. (Nathaniel Morris), 1917-1986
Format: Book
Language:English
German
Published: Berlin, New York : Springer-Verlag, 1972-1978.
Subjects:

MARC

Tag First Indicator Second Indicator Subfields
LEADER 00000cam a2200000 4500
001 in00000089529
005 20151008065406.0
008 720728m19721975wb a b 00010 eng
010 |a  72080472  
015 |a GDB*** 
020 |a 0387058249 (v. 1)  |c DM64.00 (v. 1) 
035 |a (OCoLC)00393525 
035 |9 AAK5867AM 
040 |a DLC  |c DLC  |d TXA  |d UtOrBLW 
041 0 |a eng  |a ger 
049 |a TXAM  |c 1  |v 1 [1147392]  |v 2 [1532305]  |v 3 [1113759]  |c 2  |v 3 [1113760]   |v 4 [1502477] 
050 0 0 |a QB209  |b  I55 1972 
082 0 |a 529 
110 2 |a International Society for the Study of Time. 
245 1 4 |a The study of time ;  |b proceedings of the first [-third] conference of the International Society for the Study of Time /  |c Edited by J. T. Fraser, F. C. Haber [and] G. H. Muller. 
264 1 |a Berlin,  |a New York :  |b Springer-Verlag,  |c 1972-1978. 
300 |a 3 volumes :  |b illustrations ;  |c 26 cm. 
336 |a text  |b txt  |2 rdacontent 
337 |a unmediated  |b n  |2 rdamedia 
338 |a volume  |b nc  |2 rdacarrier 
500 |a English or German. 
500 |a Volume 2 edited by J. T. Fraser and N. Lawrence; volume 3 edited by J. T. Fraser, N. Lawrence, and D. Park. 
500 |a First conference held in 1969 at Oberwolfach, Germany; 2d held in 1973 near Lake Yamanaka, Japan; 3d held in 1976 at Alpach, Austria. 
504 |a Includes bibliographies. 
650 0 |a Time  |v Congresses. 
700 1 |a Fraser, J. T.  |q (Julius Thomas),  |d 1923-2010. 
700 1 |a Haber, Francis C. 
700 1 |a Müller, G. H.  |q (Gert Heinz),  |d 1923- 
700 1 |a Lawrence, Nathaniel M.  |q (Nathaniel Morris),  |d 1917-1986. 
999 |a MARS 
999 f f |s b35ce0a2-16df-33ff-85bb-7e736be0cae1  |i 7c39363d-4550-377a-bd05-3336109d0df3  |t 0 
952 f f |p ric  |a Texas A&M University  |b Rellis Campus  |c Joint Library Facility  |s JLF  |d Remote Storage  |t 0  |e QB209 I55 1972  |h Library of Congress classification  |i unmediated -- volume  |k v.3  |m A14804576458 
952 f f |p ric  |a Texas A&M University  |b Rellis Campus  |c Joint Library Facility  |s JLF  |d Remote Storage  |t 0  |e QB209 I55 1972  |h Library of Congress classification  |i unmediated -- volume  |k v.4  |m A14816942877 
952 f f |p ric  |a Texas A&M University  |b Rellis Campus  |c Joint Library Facility  |s JLF  |d Remote Storage  |t 0  |e QB209 I55 1972  |h Library of Congress classification  |i unmediated -- volume  |k v.1  |m A14804576424 
952 f f |p ric  |a Texas A&M University  |b Rellis Campus  |c Joint Library Facility  |s JLF  |d Remote Storage  |t 0  |e QB209 I55 1972  |h Library of Congress classification  |i unmediated -- volume  |k v.2  |m A14804576432 
998 f f |a QB209 I55 1972  |s V.4  |t 0  |l Remote Storage